Business outlook of Japan for 1972 and some features of the Japanese economy
Gorde:
| Egile nagusia: | |
|---|---|
| Formatua: | Liburua |
| Hizkuntza: | Undetermined |
| Argitaratua: |
Tokyo
1972
|
| Gaiak: | |
| Etiketak: |
Etiketa erantsi
Etiketarik gabe, Izan zaitez lehena erregistro honi etiketa jartzen!
|
| Thư viện lưu trữ: | Trung tâm Học liệu Trường Đại học Cần Thơ |
|---|
| LEADER | 00458nam a2200157Ia 4500 | ||
|---|---|---|---|
| 001 | CTU_78879 | ||
| 008 | 210402s9999 xx 000 0 und d | ||
| 082 | |a 330.9 | ||
| 082 | |b I.25 | ||
| 100 | |a Tadashi, Iino | ||
| 245 | 0 | |a Business outlook of Japan for 1972 and some features of the Japanese economy | |
| 245 | 0 | |c Tadashi Iino | |
| 260 | |a Tokyo | ||
| 260 | |c 1972 | ||
| 650 | |a Economic condition | ||
| 980 | |a Trung tâm Học liệu Trường Đại học Cần Thơ | ||